[Event "GER CCM-E01-C email"]
[Site "GER email"]
[Date "2017.06.26"]
[Round "?"]
[White "Davidov, Deian Nikolov"]
[Black "Neuburger, Irene"]
[Result "1/2-1/2"]
[WhiteElo "2224"]
[BlackElo "2172"]
[PlyCount "82"]
[EventDate "2017.??.??"]
[EventType "tourn (corr)"]
[EventRounds "13"]
[EventCountry "GER"]
[SourceTitle "Corr 2020"]
[Source "ChessBase"]
[SourceDate "2019.09.30"]
[SourceVersion "1"]
[SourceVersionDate "2019.09.30"]
[SourceQuality "1"]

1. d4 d5 2. c4 c6 3. Nf3 Nf6 4. Nc3 e6 5. Bg5 h6 6. Bh4 dxc4 7. e4 g5 8. Bg3 b5 9. Be2 Bb7 10. h4 g4 11. Ne5 h5 12. 0-0 Nbd7 13. Qc2 Nxe5 14. Bxe5 Bg7 15. b3 0-0 16. bxc4 Nh7 17. Bxg7 Kxg7 18. Qd3 Qxh4 19. cxb5 cxb5 20. Qxb5 Rac8 21. Rac1 Ba8 22. Qe5+ Kh6 23. d5 Qf6 24. Qg3 Qg5 25. Rcd1 h4 26. Qd3 Qf4 27. g3 hxg3 28. fxg3 Qe5 29. Qe3+ Ng5 30. Rd4 f5 31. dxe6 fxe4 32. Rxf8 Rxf8 33. e7 Qxe7 34. Bxg4 Kg6 35. Nd5 Bxd5 36. Rxd5 Qf6 37. Bf5+ Kg7 38. Kg2 Rf7 39. g4 Re7 40. Rb5 Qh6 41. Rb8 Qf6 1/2-1/2

[Event "GER CCM-E01-C email"]
[Site "GER email"]
[Date "2017.06.26"]
[Round "?"]
[White "Neuburger, Irene"]
[Black "Karpanov, Vyacheslav Konstant"]
[Result "1/2-1/2"]
[WhiteElo "2172"]
[BlackElo "2222"]
[PlyCount "72"]
[EventDate "2017.??.??"]
[EventType "tourn (corr)"]
[EventRounds "13"]
[EventCountry "GER"]
[SourceTitle "Corr 2020"]
[Source "ChessBase"]
[SourceDate "2019.09.30"]
[SourceVersion "1"]
[SourceVersionDate "2019.09.30"]
[SourceQuality "1"]

1. e4 c5 2. Nf3 Nc6 3. Nc3 e5 4. Bc4 Be7 5. d3 d6 6. 0-0 Nf6 7. Ng5 0-0 8. f4 Bg4 9. Qe1 exf4 10. Bxf4 Nd4 11. Qd2 h6 12. Nf3 Nxf3+ 13. gxf3 Bh3 14. Rfd1 Kh7 15. Kh1 Nh5 16. Be3 f5 17. Rg1 Bf6 18. Nd5 Qd7 19. a4 Bxb2 20. Rab1 Bd4 21. Bxd4 cxd4 22. Qe2 Rac8 23. e5 Rfe8 24. f4 Bg4 25. Rxg4 fxg4 26. Qe4+ Kh8 27. Qg6 dxe5 28. Qxh5 Rf8 29. Re1 Rce8 30. Re4 Qxa4 31. Qxg4 Qa1+ 32. Kg2 Qc1 33. Bb3 a5 34. Nc7 Re7 35. Nd5 Ree8 36. Nc7 Re7 1/2-1/2

[Event "GER CCM-E01-C email"]
[Site "GER email"]
[Date "2017.06.26"]
[Round "?"]
[White "Neuburger, Irene"]
[Black "Simeonov, Lyuben"]
[Result "1/2-1/2"]
[WhiteElo "2172"]
[BlackElo "2223"]
[PlyCount "34"]
[EventDate "2017.??.??"]
[EventType "tourn (corr)"]
[EventRounds "13"]
[EventCountry "GER"]
[SourceTitle "Corr 2017"]
[Source "ChessBase"]
[SourceDate "2017.09.19"]
[SourceVersion "1"]
[SourceVersionDate "2017.09.19"]
[SourceQuality "1"]

1. e4 c5 2. Nf3 d6 3. d4 cxd4 4. Nxd4 Nf6 5. Nc3 a6 6. Be3 e5 7. Nb3 Be6 8. f3 Be7 9. Qd2 0-0 10. 0-0-0 Nbd7 11. g4 b5 12. g5 b4 13. Ne2 Ne8 14. f4 a5 15. f5 a4 16. fxe6 axb3 17. cxb3 fxe6 1/2-1/2

[Event "BdF-Smaragd 07 email"]
[Site "GER email"]
[Date "2016.06.26"]
[Round "?"]
[White "Ionita, Mariana"]
[Black "Neuburger, Irene"]
[Result "1-0"]
[WhiteElo "2272"]
[BlackElo "2050"]
[PlyCount "93"]
[EventDate "2016.??.??"]
[EventType "tourn (corr)"]
[EventRounds "16"]
[EventCountry "GER"]
[SourceTitle "Corr 2020"]
[Source "ChessBase"]
[SourceDate "2019.09.30"]
[SourceVersion "1"]
[SourceVersionDate "2019.09.30"]
[SourceQuality "1"]

1. e4 c5 2. Nf3 Nc6 3. d4 cxd4 4. Nxd4 Nf6 5. Nc3 e5 6. Ndb5 d6 7. Bg5 a6 8. Na3 b5 9. Bxf6 gxf6 10. Nd5 Bg7 11. Bd3 Be6 12. Ne3 Ne7 13. Qf3 0-0 14. 0-0 Rc8 15. Rfd1 Kh8 16. Nb1 f5 17. exf5 e4 18. Bxe4 Bxb2 19. Nd2 Bxa1 20. fxe6 f5 21. Bxf5 Bd4 22. Qh3 Nxf5 23. Nxf5 Qf6 24. g4 Rg8 25. Kf1 Qxe6 26. Nxd4 Qxg4 27. Qxg4 Rxg4 28. N2b3 Rh4 29. Ne6 Rxc2 30. Rxd6 Rc8 31. Rxa6 Rxh2 32. Nbd4 b4 33. Ra7 Rg8 34. Rb7 Rh1+ 35. Ke2 Ra8 36. Kd3 Rh2 37. f4 Rhxa2 38. Nc6 h5 39. Ke4 h4 40. Ng5 R2a6 41. Rh7+ Kg8 42. Ne7+ Kf8 43. Rf7+ Ke8 44. Nd5 R8a7 45. Nc7+ Rxc7 46. Rxc7 Rb6 47. Ke5 1-0

[Event "BdF-Smaragd 07 email"]
[Site "GER email"]
[Date "2016.06.26"]
[Round "?"]
[White "Zajsek, Franc"]
[Black "Neuburger, Irene"]
[Result "1-0"]
[WhiteElo "2219"]
[BlackElo "2050"]
[PlyCount "95"]
[EventDate "2016.??.??"]
[EventType "tourn (corr)"]
[EventRounds "16"]
[EventCountry "GER"]
[SourceTitle "Corr 2017"]
[Source "ChessBase"]
[SourceDate "2017.09.19"]
[SourceVersion "1"]
[SourceVersionDate "2017.09.19"]
[SourceQuality "1"]

1. d4 f5 2. g3 Nf6 3. Bg2 g6 4. c4 Bg7 5. Nc3 0-0 6. Nf3 d6 7. 0-0 c6 8. Rb1 Na6 9. b4 Nc7 10. a4 Bd7 11. Qb3 Kh8 12. Rd1 Ne4 13. Be3 Rc8 14. Rbc1 a6 15. a5 Nxc3 16. Qxc3 h6 17. Qd2 g5 18. h4 f4 19. gxf4 g4 20. Nh2 Qe8 21. Nf1 Qh5 22. Ng3 Qxh4 23. Be4 d5 24. Bb1 Be6 25. Qd3 Bg8 26. Qg6 Rcd8 27. Nf5 Qf6 28. Qxf6 Rxf6 29. Nxe7 Bf7 30. Nf5 dxc4 31. Nxg7 Kxg7 32. f5 Nd5 33. Bd2 c3 34. Bxc3 Nxc3 35. Rxc3 Rfd6 36. e3 h5 37. Kh2 Kh6 38. Kg3 Rd5 39. Rc5 Kg5 40. f4+ Kh6 41. Bc2 Kg7 42. Kh4 Kf6 43. e4 Rxd4 44. e5+ Ke7 45. Rxd4 Rxd4 46. f6+ Kf8 47. Kg5 g3 48. Bf5 1-0

[Event "BdF-Smaragd 06 email"]
[Site "GER email"]
[Date "2015.06.25"]
[Round "?"]
[White "Neuburger, Irene"]
[Black "Mergard, Hans Peter"]
[Result "1-0"]
[WhiteElo "1985"]
[BlackElo "2181"]
[PlyCount "119"]
[EventDate "2015.??.??"]
[EventType "tourn (corr)"]
[EventRounds "12"]
[EventCountry "GER"]
[SourceTitle "Corr 2017"]
[Source "ChessBase"]
[SourceDate "2017.09.19"]
[SourceVersion "1"]
[SourceVersionDate "2017.09.19"]
[SourceQuality "1"]

1. d4 Nf6 2. Bf4 c5 3. e3 Qb6 4. Nc3 d6 5. Bb5+ Bd7 6. a4 a6 7. a5 Qc7 8. Bxd7+ Nbxd7 9. d5 h6 10. h3 g5 11. Bh2 Bg7 12. Nge2 0-0-0 13. Ng3 e6 14. 0-0 Ne5 15. Nh5 Nxh5 16. Qxh5 Kb8 17. Rfb1 Ka7 18. Ra4 exd5 19. Nxd5 Qc6 20. Nb6 d5 21. b4 d4 22. bxc5 dxe3 23. Qe2 exf2+ 24. Qxf2 Qb5 25. Nc8+ Ka8 26. Raa1 Qc6 27. Ne7 Qf6 28. Nf5 Nc6 29. Ra3 Rd5 30. Nxg7 Qxg7 31. Bd6 g4 32. h4 f5 33. Re3 Rd8 34. c4 Rd4 35. Qxf5 Rxc4 36. Rbe1 Ka7 37. Kh2 Rg8 38. Bg3 Rf8 39. Qd3 Rd4 40. Qc3 Rd7 41. Qb3 Ka8 42. Qb6 Qf7 43. Re6 Rd3 44. Qc7 Rd7 45. Rxc6 Rxc7 46. Rxc7 Qd5 47. Rb1 Ka7 48. Rb6 Ka8 49. Rd6 Qe4 50. c6 h5 51. cxb7+ Qxb7 52. Rxb7 Kxb7 53. Rb6+ Ka7 54. Bb8+ Rxb8 55. Rxb8 Kxb8 56. Kg3 Kc7 57. Kf4 Kd6 58. Kg5 Kc5 59. Kxh5 g3 60. Kg4 1-0

[Event "BdF-Smaragd 06 email"]
[Site "GER email"]
[Date "2015.06.25"]
[Round "?"]
[White "Neuburger, Irene"]
[Black "Williamson, Dawn L"]
[Result "1/2-1/2"]
[WhiteElo "1985"]
[BlackElo "2174"]
[PlyCount "78"]
[EventDate "2015.??.??"]
[EventType "tourn (corr)"]
[EventRounds "12"]
[EventCountry "GER"]
[SourceTitle "Corr 2017"]
[Source "ChessBase"]
[SourceDate "2017.09.19"]
[SourceVersion "1"]
[SourceVersionDate "2017.09.19"]
[SourceQuality "1"]

1. d4 Nf6 2. Bf4 g6 3. Nf3 Bg7 4. e3 d6 5. h3 0-0 6. Be2 b6 7. 0-0 Bb7 8. a4 Nc6 9. c3 Re8 10. Nbd2 e5 11. dxe5 dxe5 12. Bg3 Qe7 13. a5 Nxa5 14. Bxe5 Rad8 15. Qa4 Ne4 16. Nxe4 Bxe5 17. Nxe5 Qxe5 18. Ng3 Rd2 19. b4 Bc6 20. b5 Bb7 21. c4 Red8 22. Rfd1 a6 23. Rab1 axb5 24. cxb5 Kg7 25. Rxd2 Rxd2 26. Qb4 Rc2 27. Bd3 Rc5 28. Ne2 Bd5 29. Nf4 Ba2 30. Rd1 Bb3 31. Rf1 Qc3 32. Qa3 h5 33. h4 Be6 34. Nxe6+ fxe6 35. Qxc3+ Rxc3 36. Rd1 Kf6 37. g3 Nb7 38. Be4 Nc5 39. Bf3 Rb3 1/2-1/2